| 000 | 00796nam a2200205 4500 | ||
|---|---|---|---|
| 001 | 117261 | ||
| 003 | ES-MaACL | ||
| 005 | 20230906190848.0 | ||
| 007 | t| | ||
| 008 | 071121s1979 sp r ||||1| spa d | ||
| 100 | 1 |
_aPeña Santos, Antonio de la. _990281 |
|
| 245 | 1 | 4 |
_aLos petroglifos gallegos _b: grabados rupestres prehistóricos al aire libre en Galicia / _cAntonio de la Peña Santos ; J. M. Vázquez Varela. |
| 260 |
_aLa Coruña : _bMoret, _c1979. |
||
| 300 |
_a182 p., 14 lám. : _bil. ; _c24 cm. |
||
| 490 | 1 | _aCuadernos del seminario de estudios cerámicos de Sargadelos | |
| 700 | 1 |
_aVázquez Varela, José Manuel. _9113494 |
|
| 830 | 0 |
_aCuadernos del seminario de estudios cerámicos de Sargadelos _9186392 |
|
| 852 |
_aES-MaACL _jA-10322 _bR.99320 |
||
| 999 |
_c117261 _d117261 |
||